تحميل...
An outline of the Religion Literature of India
| المؤلف الرئيسي: | |
|---|---|
| التنسيق: | Printed Book |
| اللغة: | English |
| منشور في: |
Motilal Banarasidas, Delhi
Motilal Banarasidas, Delhi
1984
|
| LEADER | 00528nam a2200133Ia 4500 | ||
|---|---|---|---|
| 008 | 111205s9999 xx 000 0 eng d | ||
| 082 | |a 850.1 RAJ/K | ||
| 100 | |a Farquhar ,J.N. | ||
| 245 | |a An outline of the Religion Literature of India |c Farquhar ,J.N. | ||
| 260 | |b Motilal Banarasidas, Delhi |a Motilal Banarasidas, Delhi |c 1984 | ||
| 300 | |a 0 | ||
| 942 | |c BK | ||
| 999 | |c 215949 |d 215949 | ||
| 952 | |0 0 |1 0 |2 ddc |4 0 |6 E_294_000000000000000_FAR_O |7 0 |9 238744 |a MAL |b MAL |c ST1 |d 2011-12-05 |g 140.00 |l 0 |o E 294 FAR/O |p MAL19270 |r 2011-12-05 |v 140.00 |w 2011-12-05 |y BK | ||